|
|
|
|
| LEADER |
00930nam a2200349 4500 |
| 001 |
DLU110127372 |
| 005 |
##20111031 |
| 008 |
##860723s1986 njua b 001 0 eng |
| 010 |
# |
# |
|a 86186519
|
| 020 |
# |
# |
|a 0132017997
|
| 035 |
# |
# |
|9 (DLC) 86186519
|
| 040 |
# |
# |
|a DLC
|c DLC
|d DLC
|
| 082 |
# |
# |
|a 005.43
|b BA-M
|
| 100 |
# |
# |
|a Bach, Maurice J.
|
| 245 |
# |
# |
|a The design of the UNIX operating system /
|c Maurice J. Bach.
|
| 260 |
# |
# |
|a Englewood Cliffs, N.J. :
|b Prentice-Hall,
|c c1986.
|
| 300 |
# |
# |
|a xiv, 471 p. :
|b ill. ;
|c 30 cm.
|
| 440 |
# |
# |
|a Prentice-Hall software series
|
| 500 |
# |
# |
|a Includes index.
|
| 504 |
# |
# |
|a Bibliography: p. 454-457.
|
| 630 |
# |
# |
|a UNIX (Computer file)
|
| 923 |
# |
# |
|a 01/2011CT
|
| 991 |
# |
# |
|a GT
|
| 992 |
# |
# |
|a 0
|
| 994 |
# |
# |
|a KCT
|
| 900 |
# |
# |
|a True
|
| 911 |
# |
# |
|a Đào Thị Thu Huyền
|
| 925 |
# |
# |
|a G
|
| 926 |
# |
# |
|a A
|
| 927 |
# |
# |
|a SH
|
| 980 |
# |
# |
|a Thư viện Trường Đại học Đà Lạt
|